000 00611nam a2200241 a 4500
001 nice12345678
003 IN_TiNIC
005 20260116012920.0
008 050524s1985 dela grp 000 0 eng
020 _a
_c175
082 0 0 _a320.95491
_bKAU
100 _aKaushik, S Nath
245 _aPakistan Under Bhutto`s Leadership
260 _aDelhi
_bUppal Pub.House
_c1985
300 _a362p
500 _aincludes index and biblioraphy
505 2 _aNotes and Refernces
650 _aPakistan-Politics and Government
700 1 _aKaushik, S Nath
902 _bSRS
942 _cBK
999 _c8875
_d8875